|
|
|
|
| LEADER |
00000nam0a2200000 4500 |
| 001 |
91559 |
| 005 |
20231031104135.0 |
| 010 |
|
|
|a 5229005424
|
| 020 |
|
|
|a RU
|b 90-56319
|
| 035 |
|
|
|a (RuTPU)RU\TPU\book\98147
|
| 090 |
|
|
|a 91559
|
| 100 |
|
|
|a 20060227d1990 m a0rusy5003 ca
|
| 101 |
0 |
|
|a rus
|
| 102 |
|
|
|a RU
|
| 105 |
|
|
|a a z 000zy
|
| 200 |
1 |
|
|a Магнезиальные бетоны
|f Л. Б. Хорошавин
|
| 210 |
|
|
|a Москва
|c Металлургия
|d 1990
|
| 215 |
|
|
|a 167 с.
|c ил.
|d 22 см
|
| 320 |
|
|
|a Библиогр.: с. 164-167 (106 назв.)
|
| 610 |
1 |
|
|a бетон огнеупорный
|
| 610 |
1 |
|
|a производство
|
| 610 |
1 |
|
|a свойства
|
| 610 |
1 |
|
|a применение
|
| 675 |
|
|
|a 666.974.2
|z rus
|
| 700 |
|
1 |
|a Хорошавин
|b Л. Б.
|g Лев Борисович
|4 070
|
| 801 |
|
0 |
|a RU
|b RuMRKP
|c 19950417
|g psbo
|
| 801 |
|
1 |
|a RU
|b 63413507
|c 20060227
|g PSBO
|
| 801 |
|
2 |
|a RU
|b 63413507
|c 20060306
|g PSBO
|
| 942 |
|
|
|c BK
|